| 000 | 01863cam a22004814i 4500 | ||
|---|---|---|---|
| 003 | PE-LiUPU | ||
| 005 | 20250731180118.0 | ||
| 008 | 150623s r 000 0 d | ||
| 035 | _a(Sirsi) a25575 | ||
| 040 |
_aPE-LiUPU _bspa _cPE-LiUPU _erda |
||
| 082 | 0 | 4 |
_a580.785 _bF39 _221 |
| 100 | 1 |
_aFerreira, Ramón, _eautor. |
|
| 245 | 1 | 0 |
_aFlora del Perú : _bdicotiledoneas. |
| 264 | 1 |
_aLima : _bEditorial Imprenta Sudamérica, _c1986. |
|
| 300 |
_a189 páginas : _bilustraciones, gráficos ; _c25 cm. |
||
| 336 |
_atext _2rdacontent |
||
| 337 |
_aunmediated _2rdamedia |
||
| 338 |
_avolume _2rdacarrier |
||
| 504 | _aIncluye bibliografía. | ||
| 505 | 0 | _aArquiclamideas: Verticillales o casuarinales, Piperales, Salicales, Myricales, Junglandales, Batidales, Fagales, Urticales, Proteales, Santalales, Aristolochiales. Polygonales, Centrspermales, ranales, rhoeadales, rosales, geraniales, sapindales, rhamnales, malvales, parietales, opintiales, myrtales, umbelliflorales. -Simpetalas: ericales contortales, tubiflorales, plantaginales, rubiales, cucurbiales, cucurvitales, campanulales. | |
| 526 | _aSEG44 | ||
| 526 | _aSEG26 | ||
| 526 | _aP159 | ||
| 526 | _aP155 | ||
| 526 | _aP154 | ||
| 526 | _aP153 | ||
| 526 | _aP150 | ||
| 526 | _aP100 | ||
| 526 | _aP31 | ||
| 526 | _aP30 | ||
| 526 | _aP26 | ||
| 526 | _aP25 | ||
| 526 | _aP24 | ||
| 526 | _aP22 | ||
| 526 | _aP15 | ||
| 526 | _aP10 | ||
| 650 | 0 | 4 |
_aFlora _zPerú. |
| 942 |
_2ddc _cBOOK |
||
| 949 |
_a580.785 F39 _wDEWEY _c1 _i30887 _lCCODEBUL1 _mBUL _p00.00 _r0 _sY _tBOOK _u2015-06-24 _xINGENIERIA _zUNKNOWN _0COMPRA _o.STAFF. Colección General |
||
| 596 | _a1 | ||
| 999 |
_a580.785 F39 _wDEWEY _c32511 _i30887 _f2021-11-5 _g7 _lCCODEBUL1 _mBUL _r0 _sN _tBOOK _u2015-6-24 _xBIBLIOTECA _zUNKNOWN _0COMPRA _o.STAFF. Colección General _d32511 |
||
| 980 |
_81 _gALBERTO SANCHEZ Responsable de Automatización |
||